[Event "DRUGA LIGA SRBIJE-GRUPA VOJVODINA 2018"]
[Site "Novi Sad"]
[Date "2018.11.10"]
[Round "2"]
[Board "1"]
[White "Gajcin, Marina"]
[Black "Lorinc, Sandor"]
[Result "1-0"]
[WhiteElo "2161"]
[BlackElo "2157"]
[PlyCount "53"]
[EventDate "2018.11.09"]
[EventType "team"]
[EventRounds "11"]
[EventCountry "SRB"]
[WhiteTeam "SOMBORSKI S.K.-SOMBOR"]
[BlackTeam "S.K. SENTA-SENTA"]

1. e4 c5 2. Nf3 e6 3. d4 cxd4 4. Nxd4 a6 5. c4 Nf6 6. Nc3 Qc7 7. a3 b6 8. Be2
Nc6 9. Nxc6 dxc6 10. O-O Bd6 11. f4 e5 12. f5 Bc5+ 13. Kh1 Bb7 14. Bg5 Rd8 15.
Qe1 Bd4 16. Bf3 b5 17. Rc1 Qb6 18. Qe2 Rd6 19. b4 bxc4 20. Qxc4 Nd7 21. Nd5 Qa7
22. Nc7+ Kf8 23. Bh5 g6 24. fxg6 Rd5 25. Rxf7+ Kg8 26. Ne6 hxg6 27. Rg7#  1-0

[Event "DRUGA LIGA SRBIJE-GRUPA VOJVODINA 2018"]
[Site "Novi Sad"]
[Date "2018.11.10"]
[Round "2"]
[Board "2"]
[White "Balla, Tamas-Kristof"]
[Black "Bulajic, Ratko"]
[Result "0-1"]
[WhiteElo "2318"]
[BlackElo "2316"]
[PlyCount "72"]
[EventDate "2018.11.09"]
[EventType "team"]
[EventRounds "11"]
[EventCountry "SRB"]
[WhiteTeam "S.K. SENTA-SENTA"]
[BlackTeam "SOMBORSKI S.K.-SOMBOR"]

1. d4 Nf6 2. c4 d6 3. Nc3 g6 4. e4 Bg7 5. f3 O-O 6. Be3 e5 7. d5 Ne8 8. Qd2 f5
9. O-O-O f4 10. Bf2 Nd7 11. g4 h6 12. h4 Bf6 13. Kb1 a5 14. b3 b6 15. Nge2 Nc5
16. Nc1 Be7 17. a3 Nf6 18. b4 axb4 19. axb4 Na6 20. Nd3 Bd7 21. Kb2 Qb8 22. Ra1
Nc5 23. bxc5 bxc5+ 24. Nb5 Rxa1 25. Kxa1 Bxb5 26. cxb5 Qxb5 27. Nc1 Ra8+ 28.
Na2 Qa4 29. Be2 Nxe4 30. fxe4 Qxe4 31. Rg1 Bf6 32. g5 hxg5 33. Rxg5 Bg7 34. Bd1
Rb8 35. Nc3 Qb4 36. Ba4 Qa3+  0-1

[Event "DRUGA LIGA SRBIJE-GRUPA VOJVODINA 2018"]
[Site "Novi Sad"]
[Date "2018.11.10"]
[Round "2"]
[Board "3"]
[White "Tancik, Kristijan"]
[Black "Kopasz, Robert"]
[Result "0-1"]
[WhiteElo "2223"]
[BlackElo "2320"]
[PlyCount "90"]
[EventDate "2018.11.09"]
[EventType "team"]
[EventRounds "11"]
[EventCountry "SRB"]
[WhiteTeam "SOMBORSKI S.K.-SOMBOR"]
[BlackTeam "S.K. SENTA-SENTA"]

1. d4 Nf6 2. c4 g6 3. Nc3 Bg7 4. e4 d6 5. Be2 c6 6. Nf3 a6 7. O-O O-O 8. h3 b5
9. e5 Ne8 10. Bf4 bxc4 11. Bxc4 d5 12. Bd3 Nc7 13. Na4 Ne6 14. Be3 Nd7 15. Ng5
c5 16. Nxe6 fxe6 17. Qg4 cxd4 18. Qxe6+ Kh8 19. Qxd5 dxe3 20. Qxa8 Nxe5 21.
fxe3 Nxd3 22. Rxf8+ Qxf8 23. Rf1 Qg8 24. Qe4 Ne5 25. Nc3 Bd7 26. Qb7 Bh6 27. e4
Qc8 28. Qd5 Bg7 29. Rd1 h6 30. Rf1 Kh7 31. Qd1 Nc4 32. Nd5 Be6 33. Qc2 Bxd5 34.
exd5 Qc5+ 35. Kh1 Qxd5 36. Re1 Bf6 37. b3 Nd6 38. Qd1 Qg5 39. Qe2 Qg3 40. Qe3
Qh4 41. Qe6 Nf5 42. Rd1 h5 43. Qe1 Qf4 44. Qd2 Ng3+ 45. Kg1 Bd4+  0-1

[Event "DRUGA LIGA SRBIJE-GRUPA VOJVODINA 2018"]
[Site "Novi Sad"]
[Date "2018.11.10"]
[Round "2"]
[Board "4"]
[White "Simonyi, Zoltan"]
[Black "Tokovic, Svetozar"]
[Result "1/2-1/2"]
[WhiteElo "2208"]
[BlackElo "2238"]
[PlyCount "43"]
[EventDate "2018.11.09"]
[EventType "team"]
[EventRounds "11"]
[EventCountry "SRB"]
[WhiteTeam "S.K. SENTA-SENTA"]
[BlackTeam "SOMBORSKI S.K.-SOMBOR"]

1. c4 c6 2. e4 d5 3. cxd5 cxd5 4. exd5 Qxd5 5. Nc3 Qa5 6. d4 e6 7. Nf3 Nc6 8.
Bc4 Nf6 9. O-O Be7 10. Qe2 O-O 11. Rd1 Rd8 12. Bg5 Nxd4 13. Nxd4 Qxg5 14. Rd3
Bd7 15. Rad1 Qc5 16. Bb3 a6 17. Ne4 Nxe4 18. Qxe4 Bc6 19. Nxc6 Qxc6 20. Qxc6
bxc6 21. Rxd8+ Rxd8 22. Rxd8+  1/2-1/2

[Event "DRUGA LIGA SRBIJE-GRUPA VOJVODINA 2018"]
[Site "Novi Sad"]
[Date "2018.11.10"]
[Round "2"]
[Board "5"]
[White "Strangar, Zlatko"]
[Black "Vranic, Ljubomir"]
[Result "0-1"]
[WhiteElo "2212"]
[BlackElo "2227"]
[PlyCount "66"]
[EventDate "2018.11.09"]
[EventType "team"]
[EventRounds "11"]
[EventCountry "SRB"]
[WhiteTeam "SOMBORSKI S.K.-SOMBOR"]
[BlackTeam "S.K. SENTA-SENTA"]

1. e4 d6 2. Nf3 Bg4 3. d4 Nd7 4. Bc4 e6 5. Nc3 c6 6. O-O Ngf6 7. Re1 e5 8. Bg5
Be7 9. Qd3 Bxf3 10. gxf3 Nh5 11. Be3 Bg5 12. Qf1 Qf6 13. d5 c5 14. Bb5 O-O-O
15. Bxd7+ Rxd7 16. Qh3 Nf4 17. Bxf4 Bxf4 18. Red1 h5 19. Kf1 g6 20. a4 Rhd8 21.
Ra3 Kb8 22. Rb3 Rc7 23. Nb5 c4 24. Rc3 Rc5 25. Ke1 a6 26. Na3 Rdc8 27. Ra1 Qg5
28. Rd1 R8c7 29. a5 Qd8 30. Ra1 Qg5 31. Rd1 Bc1 32. Qf1 Bxb2 33. Re3 Bd4  0-1

[Event "DRUGA LIGA SRBIJE-GRUPA VOJVODINA 2018"]
[Site "Novi Sad"]
[Date "2018.11.10"]
[Round "2"]
[Board "6"]
[White "Nagy, Attila N"]
[Black "Roganovic, Nebojsa"]
[Result "1/2-1/2"]
[WhiteElo "2241"]
[BlackElo "2141"]
[PlyCount "72"]
[EventDate "2018.11.09"]
[EventType "team"]
[EventRounds "11"]
[EventCountry "SRB"]
[WhiteTeam "S.K. SENTA-SENTA"]
[BlackTeam "SOMBORSKI S.K.-SOMBOR"]

1. d4 d5 2. Nf3 Nf6 3. c4 e6 4. Nc3 a6 5. cxd5 exd5 6. Bg5 c6 7. Qc2 Nbd7 8. e3
Be7 9. Bd3 O-O 10. O-O Re8 11. Rab1 Nf8 12. b4 Ng6 13. a4 Bd6 14. e4 dxe4 15.
Nxe4 Be7 16. Ng3 Bg4 17. Nf5 Bxf3 18. gxf3 Nd5 19. Nxe7+ Ndxe7 20. b5 axb5 21.
axb5 Qxd4 22. bxc6 Nxc6 23. Be4 Qe5 24. Be3 Qf6 25. Rxb7 Ra6 26. Qb3 Nce5 27.
Rb8 Rxb8 28. Qxb8+ Nf8 29. f4 Neg6 30. Rc1 Ra1 31. Rxa1 Qxa1+ 32. Kg2 Qf6 33.
Kf1 Qa1+ 34. Kg2 Qf6 35. Kf1 Qa1+ 36. Kg2 Qf6  1/2-1/2

[Event "DRUGA LIGA SRBIJE-GRUPA VOJVODINA 2018"]
[Site "Novi Sad"]
[Date "2018.11.10"]
[Round "2"]
[Board "1"]
[White "Pastar, Slaven"]
[Black "Grigoryan, Karen H."]
[Result "0-1"]
[WhiteElo "2326"]
[BlackElo "2542"]
[PlyCount "152"]
[EventDate "2018.11.09"]
[EventType "team"]
[EventRounds "11"]
[EventCountry "SRB"]
[WhiteTeam "S.K. KRALJICA PTT-NOVI SAD"]
[BlackTeam "S.K. NAFTAGAS-ELEMIR"]

1. d4 g6 2. c4 Bg7 3. e4 d6 4. Nc3 Nf6 5. Bd3 O-O 6. Nge2 e5 7. d5 c5 8. O-O
Nh5 9. Rb1 Nd7 10. a3 f5 11. exf5 gxf5 12. f4 e4 13. Bc2 b6 14. Qd2 Qh4 15. Ba4
a6 16. b4 Ra7 17. Nd1 b5 18. cxb5 Nb6 19. Ndc3 Nxa4 20. Nxa4 axb5 21. Nac3 Ba6
22. Nd1 Nf6 23. h3 Bh6 24. Ne3 Nh5 25. Bb2 Bg7 26. Qe1 Qe7 27. Bxg7 Nxg7 28.
Qd2 Rc8 29. Rbc1 Rac7 30. Rc3 Qf7 31. Rfc1 Bb7 32. Ng3 Qg6 33. Kh2 Qf7 34. R1c2
h5 35. Ne2 h4 36. Rc1 Qf6 37. Qc2 Kf7 38. Qb3 Ba6 39. Qd1 Ke7 40. Nd4 Kd7 41.
Nb3 Qh6 42. Qf1 cxb4 43. Rxc7+ Rxc7 44. Rxc7+ Kxc7 45. axb4 Nh5 46. Nxf5 Qxf4+
47. Kg1 Bc8 48. Nbd4 Bxf5 49. Nxf5 Qe5 50. Qc1+ Kb8 51. Qg5 Nf6 52. Qg6 e3 53.
Nxh4 e2 54. Nf3 e1=Q+ 55. Nxe1 Qxe1+ 56. Kh2 Qe5+ 57. g3 Nxd5 58. h4 Nf6 59.
Kh3 d5 60. g4 Qe3+ 61. Kg2 Qe2+ 62. Kg3 Qe1+ 63. Kf4 Qxh4 64. Ke5 Qg3+ 65. Kd4
Qf4+ 66. Kc5 Qc4+ 67. Kb6 Nd7+ 68. Ka5 Kc7 69. Qf5 d4 70. g5 Qc6 71. Qxb5 Qa8+
72. Qa6 Qxa6+ 73. Kxa6 d3 74. g6 d2 75. g7 d1=Q 76. g8=Q Qa4#  0-1

[Event "DRUGA LIGA SRBIJE-GRUPA VOJVODINA 2018"]
[Site "Novi Sad"]
[Date "2018.11.10"]
[Round "2"]
[Board "2"]
[White "Ratkovic, Miloje"]
[Black "Remecki, Sinisa"]
[Result "1/2-1/2"]
[WhiteElo "2403"]
[BlackElo "2257"]
[PlyCount "70"]
[EventDate "2018.11.09"]
[EventType "team"]
[EventRounds "11"]
[EventCountry "SRB"]
[WhiteTeam "S.K. NAFTAGAS-ELEMIR"]
[BlackTeam "S.K. KRALJICA PTT-NOVI SAD"]

1. d4 e6 2. c4 Bb4+ 3. Nc3 b6 4. e3 Bb7 5. Nge2 f5 6. a3 Bxc3+ 7. Nxc3 Nf6 8.
Be2 O-O 9. O-O d6 10. b4 a5 11. Bb2 Nbd7 12. Qc2 Ne4 13. f3 Nxc3 14. Bxc3 axb4
15. axb4 Qe7 16. Bd3 Nf6 17. Qb2 Nd7 18. Rfe1 e5 19. Rxa8 Bxa8 20. d5 e4 21.
fxe4 fxe4 22. Bb1 b5 23. cxb5 Bxd5 24. Rd1 Bc4 25. Ba2 Bxa2 26. Qxa2+ Qf7 27.
Qxf7+ Rxf7 28. Bd4 Rf5 29. Rc1 Rxb5 30. Rxc7 Nf6 31. Rc4 Kf7 32. Bxf6 d5 33.
Rd4 Kxf6 34. Kf2 Ke5 35. Ke2 Rb6  1/2-1/2

[Event "DRUGA LIGA SRBIJE-GRUPA VOJVODINA 2018"]
[Site "Novi Sad"]
[Date "2018.11.10"]
[Round "2"]
[Board "3"]
[White "Ubiparip, Zivko"]
[Black "Ratkovic, Milovan"]
[Result "0-1"]
[WhiteElo "2137"]
[BlackElo "2411"]
[PlyCount "156"]
[EventDate "2018.11.09"]
[EventType "team"]
[EventRounds "11"]
[EventCountry "SRB"]
[WhiteTeam "S.K. KRALJICA PTT-NOVI SAD"]
[BlackTeam "S.K. NAFTAGAS-ELEMIR"]

1. d4 d5 2. Nf3 Bf5 3. g3 e6 4. Bg2 Nf6 5. O-O c6 6. c4 Nbd7 7. cxd5 cxd5 8.
Nc3 Be7 9. Nh4 Bg4 10. h3 Bh5 11. g4 Bg6 12. Nxg6 hxg6 13. Bf4 a6 14. Rc1 O-O
15. Qb3 b5 16. a4 b4 17. Nb1 Qb6 18. Qd3 Rac8 19. Nd2 Rc6 20. a5 Qb7 21. Rxc6
Qxc6 22. Nb3 Rc8 23. Rc1 Qb7 24. Rc2 Rc6 25. g5 Ne4 26. Bxe4 Rxc2 27. Qxc2 dxe4
28. Nd2 Qb5 29. Nxe4 Qf5 30. Bg3 Qd5 31. e3 Kh7 32. h4 e5 33. h5 exd4 34. hxg6+
fxg6 35. exd4 Qxd4 36. Qc7 Qxe4 37. Qxd7 Bxg5 38. Qh3+ Bh6 39. Qc8 Qb1+ 40. Kh2
Qxb2 41. Qxa6 Bf4 42. Qb6 Bxg3+ 43. Kxg3 Qa3+ 44. Kg2 b3 45. a6 b2 46. a7 Qxa7
47. Qxa7 b1=Q 48. Qe7 Qf5 49. Qe8 Qg4+ 50. Kf1 g5 51. Qc6 Qh3+ 52. Ke2 Qf5 53.
Qh1+ Kg6 54. Qc6+ Kf7 55. Qc7+ Kf6 56. Qd8+ Kg6 57. Qe8+ Qf7 58. Qe4+ Kh6 59.
Qc6+ Qf6 60. Qh1+ Kg6 61. Qe4+ Kf7 62. Kf1 Qe6 63. Qf3+ Kg6 64. Qa8 g4 65. Qb8
Qe4 66. Qd6+ Kh5 67. Qd8 Qh1+ 68. Ke2 Qf3+ 69. Ke1 g3 70. Qe8+ Kg5 71. Qe5+ Kh4
72. Qe7+ Kh3 73. Qe6+ Qg4 74. Qe3 Qb4+ 75. Kd1 Qb1+ 76. Kd2 Qb2+ 77. Kd1 Qxf2
78. Qe4 Qf1+  0-1

[Event "DRUGA LIGA SRBIJE-GRUPA VOJVODINA 2018"]
[Site "Novi Sad"]
[Date "2018.11.10"]
[Round "2"]
[Board "4"]
[White "Popov, Sinisa S"]
[Black "Matijevic, Radovan"]
[Result "1-0"]
[WhiteElo "2432"]
[BlackElo "2105"]
[PlyCount "93"]
[EventDate "2018.11.09"]
[EventType "team"]
[EventRounds "11"]
[EventCountry "SRB"]
[WhiteTeam "S.K. NAFTAGAS-ELEMIR"]
[BlackTeam "S.K. KRALJICA PTT-NOVI SAD"]

1. d4 d5 2. c4 c6 3. Nc3 Nf6 4. Nf3 e6 5. e3 Bd6 6. Bd3 O-O 7. e4 dxe4 8. Nxe4
Nxe4 9. Bxe4 Bb4+ 10. Bd2 Bxd2+ 11. Qxd2 Nd7 12. O-O Qf6 13. Rfe1 Rd8 14. Rad1
Nf8 15. c5 Bd7 16. Ne5 Be8 17. Qc3 Ng6 18. Rd3 Qe7 19. Nc4 Nf4 20. Rg3 Qf6 21.
Nd6 Rab8 22. Qf3 Ng6 23. Qd3 b6 24. b3 bxc5 25. dxc5 Qe5 26. Qc3 Qxc3 27. Rxc3
Nf4 28. Rc4 Nd5 29. Ra4 Rd7 30. Ra5 Kf8 31. g3 Rc7 32. f4 g6 33. Kf2 Rb4 34.
Bc2 Rb8 35. a3 h5 36. b4 Bd7 37. Be4 Ke7 38. Bf3 Kf8 39. Ke2 Ke7 40. Kd3 h4 41.
Kd4 hxg3 42. hxg3 Rh8 43. Rh1 Rxh1 44. Bxh1 Nb6 45. Rxa7 Rxa7 46. cxb6 Ra8 47.
b7  1-0

[Event "DRUGA LIGA SRBIJE-GRUPA VOJVODINA 2018"]
[Site "Novi Sad"]
[Date "2018.11.10"]
[Round "2"]
[Board "5"]
[White "Radanovic, Aleksandar"]
[Black "Besedes, Danilo"]
[Result "0-1"]
[WhiteElo "2147"]
[BlackElo "2290"]
[PlyCount "78"]
[EventDate "2018.11.09"]
[EventType "team"]
[EventRounds "11"]
[EventCountry "SRB"]
[WhiteTeam "S.K. KRALJICA PTT-NOVI SAD"]
[BlackTeam "S.K. NAFTAGAS-ELEMIR"]

1. e4 e6 2. Nf3 d5 3. Nc3 Nf6 4. exd5 exd5 5. d4 Be7 6. Bd3 O-O 7. h3 c5 8.
dxc5 Nbd7 9. Be3 Nxc5 10. Bxc5 Bxc5 11. O-O a6 12. a4 h6 13. Kh1 Re8 14. Qd2
Bd7 15. Rae1 Qb6 16. a5 Qc7 17. Re2 Bb4 18. Ra1 Rxe2 19. Bxe2 Qc5 20. Qd4 Rc8
21. Na4 Qxa5 22. c3 Bd6 23. b4 Qc7 24. Nb6 Re8 25. Bd3 Bc6 26. Rd1 Qd8 27. Bc2
Bc7 28. Na4 Re2 29. Bd3 Bxa4 30. Bxe2 Bb6 31. Qh4 Bxd1 32. Bxd1 Qc7 33. Bc2
Qxc3 34. Bf5 Qc1+ 35. Kh2 Bc7+ 36. g3 Bd6 37. Kg2 Qc3 38. Qd4 Bxb4 39. Qb6 g6
 0-1

[Event "DRUGA LIGA SRBIJE-GRUPA VOJVODINA 2018"]
[Site "Novi Sad"]
[Date "2018.11.10"]
[Round "2"]
[Board "6"]
[White "Adamov, Ivan"]
[Black "Kostic, Filip"]
[Result "1/2-1/2"]
[WhiteElo "2126"]
[BlackElo "2190"]
[PlyCount "22"]
[EventDate "2018.11.09"]
[EventType "team"]
[EventRounds "11"]
[EventCountry "SRB"]
[WhiteTeam "S.K. NAFTAGAS-ELEMIR"]
[BlackTeam "S.K. KRALJICA PTT-NOVI SAD"]

1. e4 c6 2. d4 Qa5+ 3. c3 d6 4. Be3 Nf6 5. Bd3 e5 6. Nf3 Nbd7 7. O-O Be7 8.
Nbd2 Ng4 9. Bg5 Bxg5 10. Nxg5 Ngf6 11. Nc4 Qc7  1/2-1/2

[Event "DRUGA LIGA SRBIJE-GRUPA VOJVODINA 2018"]
[Site "Novi Sad"]
[Date "2018.11.10"]
[Round "2"]
[Board "1"]
[White "Blagojevic, Dragisa"]
[Black "Budisavljevic, Luka"]
[Result "1-0"]
[WhiteElo "2494"]
[BlackElo "2344"]
[PlyCount "115"]
[EventDate "2018.11.09"]
[EventType "team"]
[EventRounds "11"]
[EventCountry "SRB"]
[WhiteTeam "Š.K. MLADOST-NOVA PAZOVA"]
[BlackTeam "S.K. VOJVODINA-NOVI SAD"]

1. d4 Nf6 2. c4 c5 3. d5 e6 4. Nc3 exd5 5. cxd5 d6 6. e4 g6 7. h3 Bg7 8. Nf3
O-O 9. Bd3 b5 10. Bxb5 Nxe4 11. Nxe4 Qa5+ 12. Nfd2 Qxb5 13. Nxd6 Qa6 14. N2c4
Nd7 15. O-O Ne5 16. Nxc8 Raxc8 17. Nxe5 Bxe5 18. Re1 Rfe8 19. Bg5 Qd6 20. Qa4
Qxd5 21. Rad1 Qc6 22. Qxc6 Rxc6 23. Kf1 Rce6 24. b3 Bd4 25. Bd2 h5 26. Rc1
Rxe1+ 27. Bxe1 Re6 28. Bc3 Bxc3 29. Rxc3 Re5 30. Rc4 Kf8 31. Ra4 Re7 32. Ra5
Rc7 33. Ke2 Ke7 34. Kd3 Kd6 35. Kc4 g5 36. h4 f6 37. g3 gxh4 38. gxh4 Ke5 39.
b4 Kf4 40. bxc5 Ke5 41. Ra3 Ke6 42. Re3+ Kd7 43. Kd5 Kc8 44. c6 Rg7 45. Kd6 Rg8
46. Re7 f5 47. Rxa7 Rg6+ 48. Kc5 Rg4 49. a3 Rg1 50. Rf7 Rc1+ 51. Kd6 Rd1+ 52.
Ke6 Rd4 53. Kxf5 Rxh4 54. f4 Rh3 55. Rh7 Rc3 56. Rxh5 Rxc6 57. Rh3 Kd7 58. Re3
 1-0

[Event "DRUGA LIGA SRBIJE-GRUPA VOJVODINA 2018"]
[Site "Novi Sad"]
[Date "2018.11.10"]
[Round "2"]
[Board "2"]
[White "Grujic, Zoran"]
[Black "Vlatkovic, Sinisa"]
[Result "1/2-1/2"]
[WhiteElo "2329"]
[BlackElo "2283"]
[PlyCount "20"]
[EventDate "2018.11.09"]
[EventType "team"]
[EventRounds "11"]
[EventCountry "SRB"]
[WhiteTeam "S.K. VOJVODINA-NOVI SAD"]
[BlackTeam "Š.K. MLADOST-NOVA PAZOVA"]

1. e4 d6 2. d4 Nf6 3. Nc3 c6 4. f4 Qa5 5. e5 Ne4 6. Qf3 Nxc3 7. Bd2 Bf5 8. Bxc3
Qd5 9. Qxd5 cxd5 10. O-O-O Nc6  1/2-1/2

[Event "DRUGA LIGA SRBIJE-GRUPA VOJVODINA 2018"]
[Site "Novi Sad"]
[Date "2018.11.10"]
[Round "2"]
[Board "3"]
[White "Grcic, Vukasin"]
[Black "Mikheev, Stanislav"]
[Result "1/2-1/2"]
[WhiteElo "2174"]
[BlackElo "2307"]
[PlyCount "75"]
[EventDate "2018.11.09"]
[EventType "team"]
[EventRounds "11"]
[EventCountry "SRB"]
[WhiteTeam "Š.K. MLADOST-NOVA PAZOVA"]
[BlackTeam "S.K. VOJVODINA-NOVI SAD"]

1. e4 e5 2. Nf3 Nf6 3. Nxe5 d6 4. Nf3 Nxe4 5. d4 d5 6. Bd3 Nc6 7. Bf4 Bg4 8. c3
Qf6 9. Bg3 O-O-O 10. Be2 h5 11. Nbd2 Nxg3 12. hxg3 Bd6 13. O-O Rde8 14. Re1 g5
15. Nh2 Bd7 16. Bf3 h4 17. Rxe8+ Rxe8 18. Ng4 Qg7 19. gxh4 gxh4 20. Nf1 h3 21.
g3 f5 22. Ne5 f4 23. Nxd7 Kxd7 24. Bg4+ Kd8 25. Bxh3 fxg3 26. fxg3 Bxg3 27. Qg4
Qxg4 28. Bxg4 Bf4 29. Kf2 Na5 30. b3 Bg5 31. Rd1 Bh4+ 32. Kf3 Rf8+ 33. Ke3 Rf2
34. Nd2 Rg2 35. Bf3 Bg5+ 36. Kd3 Rg3 37. Ke2 Rh3 38. Rh1  1/2-1/2

[Event "DRUGA LIGA SRBIJE-GRUPA VOJVODINA 2018"]
[Site "Novi Sad"]
[Date "2018.11.10"]
[Round "2"]
[Board "4"]
[White "Djacanin, Goran"]
[Black "Stamenkovic, Aleksandar"]
[Result "1/2-1/2"]
[WhiteElo "2186"]
[BlackElo "2165"]
[PlyCount "24"]
[EventDate "2018.11.09"]
[EventType "team"]
[EventRounds "11"]
[EventCountry "SRB"]
[WhiteTeam "S.K. VOJVODINA-NOVI SAD"]
[BlackTeam "Š.K. MLADOST-NOVA PAZOVA"]

1. e4 e5 2. Bc4 Bc5 3. Nf3 Nc6 4. O-O Nf6 5. Nc3 d6 6. h3 O-O 7. d3 h6 8. Be3
Bb6 9. Re1 Be6 10. Bb3 Bxe3 11. fxe3 Bxb3 12. axb3 a6  1/2-1/2

[Event "DRUGA LIGA SRBIJE-GRUPA VOJVODINA 2018"]
[Site "Novi Sad"]
[Date "2018.11.10"]
[Round "2"]
[Board "5"]
[White "Subotic, Srbislav"]
[Black "Stikovic, Dobrica"]
[Result "0-1"]
[WhiteElo "2126"]
[BlackElo "2169"]
[PlyCount "40"]
[EventDate "2018.11.09"]
[EventType "team"]
[EventRounds "11"]
[EventCountry "SRB"]
[WhiteTeam "Š.K. MLADOST-NOVA PAZOVA"]
[BlackTeam "S.K. VOJVODINA-NOVI SAD"]

1. e4 e6 2. d4 d5 3. Nd2 Nc6 4. Ne2 dxe4 5. Nxe4 Nf6 6. Nxf6+ Qxf6 7. Be3 Bb4+
8. c3 Bd6 9. Qd2 O-O 10. Ng3 e5 11. d5 Ne7 12. Bd3 Nf5 13. Bg5 Qg6 14. O-O-O h6
15. Be3 Qf6 16. Nxf5 Bxf5 17. Bxf5 Qxf5 18. g4 Qe4 19. h4 b5 20. b3 Ba3+  0-1

[Event "DRUGA LIGA SRBIJE-GRUPA VOJVODINA 2018"]
[Site "Novi Sad"]
[Date "2018.11.10"]
[Round "2"]
[Board "6"]
[White "Veljkovic, Vojislav"]
[Black "Zobenica, Ivan"]
[Result "1/2-1/2"]
[WhiteElo "2159"]
[BlackElo "2086"]
[PlyCount "109"]
[EventDate "2018.11.09"]
[EventType "team"]
[EventRounds "11"]
[EventCountry "SRB"]
[WhiteTeam "S.K. VOJVODINA-NOVI SAD"]
[BlackTeam "Š.K. MLADOST-NOVA PAZOVA"]

1. d4 d6 2. Nf3 Nf6 3. c4 c6 4. Qc2 Nbd7 5. Nc3 e5 6. Bg5 Qc7 7. h3 Be7 8. e3
O-O 9. Bd3 Re8 10. O-O Nf8 11. Bh4 e4 12. Bxe4 Nxe4 13. Qxe4 f5 14. Qc2 Bxh4
15. Nxh4 Qf7 16. Qe2 g5 17. Nf3 g4 18. Nh2 h5 19. f4 Be6 20. b3 Qg7 21. Rac1
Ng6 22. Qf2 Bd7 23. h4 Qe7 24. g3 Qxe3 25. Rfe1 Qd3 26. Red1 Qe3 27. Nf1 Qe7
28. Re1 Qf6 29. Rcd1 Nf8 30. Ne3 Re7 31. Nc2 Rae8 32. Rxe7 Rxe7 33. Re1 Rxe1+
34. Qxe1 Ne6 35. Qe3 Nc7 36. Kf2 Kf7 37. Qd3 a6 38. Na4 b5 39. Nb6 Qe7 40. Ne3
Kg6 41. a4 bxa4 42. bxa4 Ne8 43. c5 dxc5 44. Nec4 Be6 45. Ne5+ Kh7 46. a5 Nf6
47. Nxc6 Qd6 48. d5 Nxd5 49. Ne5 c4 50. Nbxc4 Qc5+ 51. Ne3 Nxe3 52. Qxe3 Qxa5
53. Qa7+ Kh6 54. Qe7 Qd2+ 55. Kf1  1/2-1/2

[Event "DRUGA LIGA SRBIJE-GRUPA VOJVODINA 2018"]
[Site "Novi Sad"]
[Date "2018.11.10"]
[Round "2"]
[Board "1"]
[White "Nikolovski, Nikola"]
[Black "Farkas, Tibor"]
[Result "0-1"]
[WhiteElo "2380"]
[BlackElo "2310"]
[PlyCount "74"]
[EventDate "2018.11.09"]
[EventType "team"]
[EventRounds "11"]
[EventCountry "SRB"]
[WhiteTeam "Š.K. BATA  COSIC-OPOVO"]
[BlackTeam "S.K. BACKA-PACIR"]

1. e4 c5 2. Nf3 e6 3. d4 cxd4 4. Nxd4 a6 5. Nc3 d6 6. a4 Nc6 7. Nxc6 bxc6 8.
Bd3 Nf6 9. O-O d5 10. Kh1 Bb4 11. e5 Nd7 12. Qg4 Bf8 13. Re1 Nc5 14. Bf1 a5 15.
Bg5 Qb6 16. b3 Ba6 17. f4 h6 18. Bh4 Bxf1 19. Rxf1 g6 20. Bf6 Rg8 21. Rad1 Qb4
22. Qh3 Rb8 23. Ne2 Ne4 24. Nd4 Kd7 25. c4 Bc5 26. Qxh6 Bxd4 27. Rxd4 Nf2+ 28.
Kg1 Qc5 29. f5 Qxd4 30. fxe6+ Kc7 31. Rxf2 Rxb3 32. Qc1 Rgb8 33. Bd8+ Rxd8 34.
exf7 Rd3 35. e6 Rd1+ 36. Qxd1 Qxd1+ 37. Rf1 Qxf1+  0-1

[Event "DRUGA LIGA SRBIJE-GRUPA VOJVODINA 2018"]
[Site "Novi Sad"]
[Date "2018.11.10"]
[Round "2"]
[Board "2"]
[White "Arbutina, Sinisa"]
[Black "Milojevic, Dusan"]
[Result "1-0"]
[WhiteElo "2325"]
[BlackElo "2287"]
[PlyCount "105"]
[EventDate "2018.11.09"]
[EventType "team"]
[EventRounds "11"]
[EventCountry "SRB"]
[WhiteTeam "S.K. BACKA-PACIR"]
[BlackTeam "Š.K. BATA  COSIC-OPOVO"]

1. d4 Nf6 2. c4 g6 3. Nc3 Bg7 4. e4 d6 5. f3 a6 6. Be3 Nbd7 7. Qd2 c5 8. Nge2
Qa5 9. Nc1 cxd4 10. Bxd4 O-O 11. Nb3 Qc7 12. Rc1 e6 13. Be2 b6 14. O-O Nc5 15.
Na1 Rd8 16. Rfd1 Bb7 17. Bf1 Rab8 18. Qf2 Ba8 19. Nc2 Ne8 20. Bxg7 Kxg7 21.
Qd4+ Kg8 22. Ne3 Qe7 23. Rc2 h5 24. Re2 Qg5 25. Rf2 e5 26. Qd2 Ne6 27. Ned5
Qxd2 28. Rfxd2 Bxd5 29. cxd5 Nd4 30. Ne2 Nxe2+ 31. Bxe2 b5 32. Rc1 Rdc8 33.
Rdc2 Rxc2 34. Rxc2 Ra8 35. Kf2 Kf8 36. Ke3 Ke7 37. Rc6 Kd7 38. Rxa6 Rb8 39.
Ra7+ Nc7 40. b4 Rb6 41. h4 Rb8 42. g4 Rh8 43. g5 Rb8 44. Bf1 Rb6 45. Bh3+ Kd8
46. f4 Ra6 47. Rxa6 Nxa6 48. a3 Ke7 49. f5 f6 50. gxf6+ Kxf6 51. fxg6 Kxg6 52.
Bf1 Nc7 53. Kd2  1-0

[Event "DRUGA LIGA SRBIJE-GRUPA VOJVODINA 2018"]
[Site "Novi Sad"]
[Date "2018.11.10"]
[Round "2"]
[Board "3"]
[White "Jovanovski, Slobodan"]
[Black "Vidic, Stevan"]
[Result "1/2-1/2"]
[WhiteElo "2330"]
[BlackElo "2258"]
[PlyCount "95"]
[EventDate "2018.11.09"]
[EventType "team"]
[EventRounds "11"]
[EventCountry "SRB"]
[WhiteTeam "Š.K. BATA  COSIC-OPOVO"]
[BlackTeam "S.K. BACKA-PACIR"]

1. d4 Nf6 2. Nf3 e6 3. Bg5 d5 4. Nbd2 Be7 5. e3 b6 6. c3 Bb7 7. Bd3 Ne4 8. Bxe7
Qxe7 9. Qc2 Nxd2 10. Nxd2 Nd7 11. f4 a6 12. a4 c5 13. O-O f5 14. Qd1 O-O 15.
Rf3 Rf6 16. Rh3 Rg6 17. Nf3 Qf6 18. Qe2 Rh6 19. Rg3 Rg6 20. Qf2 Rxg3 21. Qxg3
c4 22. Bc2 Bc6 23. h3 b5 24. Qe1 Qd8 25. Ra3 bxa4 26. Bxa4 Bxa4 27. Rxa4 a5 28.
Qa1 h6 29. Qa3 Ra6 30. Kh2 Kh7 31. Rb4 axb4 32. Qxa6 bxc3 33. bxc3 Nf8 34. Ne5
Qe7 35. Qc8 g5 36. fxg5 hxg5 37. Qc5 Qf6 38. Qc7+ Kg8 39. Qc8 Kg7 40. Qb7+ Kg8
41. Qc6 Qe7 42. Qc8 Kg7 43. Qb8 Ng6 44. Kg3 Nxe5 45. Qxe5+ Kg6 46. Kf3 Qd7 47.
g3 Qe7 48. Qh8  1/2-1/2

[Event "DRUGA LIGA SRBIJE-GRUPA VOJVODINA 2018"]
[Site "Novi Sad"]
[Date "2018.11.10"]
[Round "2"]
[Board "4"]
[White "Kecskemeti, Arpad"]
[Black "Kosanovic, Dragan"]
[Result "1/2-1/2"]
[WhiteElo "2195"]
[BlackElo "2329"]
[PlyCount "69"]
[EventDate "2018.11.09"]
[EventType "team"]
[EventRounds "11"]
[EventCountry "SRB"]
[WhiteTeam "S.K. BACKA-PACIR"]
[BlackTeam "Š.K. BATA  COSIC-OPOVO"]

1. e4 e6 2. d4 d5 3. Nc3 dxe4 4. Nxe4 Bd7 5. Nf3 Bc6 6. Bd3 Nd7 7. O-O Be7 8.
Qe2 Ngf6 9. Ng3 Bxf3 10. Qxf3 c6 11. c3 Qc7 12. Re1 g6 13. Bh6 Bf8 14. Bf4 Bd6
15. Be5 Bxe5 16. dxe5 Nd5 17. c4 Nxe5 18. Rxe5 Qxe5 19. cxd5 cxd5 20. Bb5+ Kf8
21. Qe2 Qxe2 22. Nxe2 Rc8 23. Ba4 Kg7 24. f4 Rc5 25. Rb1 Rhc8 26. Kf2 Kf6 27.
Ke3 Ke7 28. a3 f6 29. b4 R5c7 30. Bb3 Rd8 31. Rd1 Rcd7 32. Kd4 Kd6 33. Ke3 Ke7
34. Kd4 Kd6 35. Ke3  1/2-1/2